000
00218 a2200109 4500
020
_a
9788420636283
041
_a
spa
100
_a
de Saint-Exupery, Antoine
245
_a
El principito
942
_c
BK
999
_c
29814
_d
29812
999
_d
29812